Peasants in the making : Malaysia's Green Revolution

Bibliographic Details
Main Author: WONG
Corporate Author: Institute of Southeast Asian Studies
Format: Book
Published: Singapore : Institute of Southeast Asian Studies , 1987
Subjects:

MARC

LEADER 00000cam a2200000 7i4500
001 0000002622
005 20030828.0
020 0 0 |a 997198864X 
090 0 0 |a 305.55509595   |b WON 1987 
100 1 0 |a WONG   |h Diana 
245 1 0 |a Peasants in the making :   |b Malaysia's Green Revolution   |c Diana Wong 
260 0 0 |a Singapore :   |b Institute of Southeast Asian Studies ,   |c 1987 
300 |a 238 p. ;   |c 25 cm. 
500 0 0 |a Bibliography : p. 231-238 
610 1 0 |a Muda Irrigation Project 
650 0 0 |a Green Revolution   |z Kedah 
650 0 0 |a Rice   |x Social aspects   |z Kedah 
650 0 0 |a Social structure   |z Kedah 
650 0 0 |a Villages   |z Kedah 
651 0 0 |a Kedah   |x Rural conditions 
710 1 1 |a Institute of Southeast Asian Studies 
998 |a JPSM 
999 |a 0000004376   |b Monograph   |c Open Shelf   |e Default branch